Statystyki dla Miasta w województwie łódzkim

Kliknij tutaj aby rozwiązać quiz!

Ogólne statystyki

  • Ten quiz został rozwiązany 2 385 razy
  • Średni wynik to 24 z 44

Statystyki odpowiedzi

MiastoLiczba ludności% Poprawnych
Łódź708 554
99%
Piotrków Trybunalski75 732
89%
Pabianice67 462
82%
Zgierz57 458
82%
Bełchatów59 469
81%
Tomaszów Mazowiecki64 712
79%
Skierniewice48 693
78%
Sieradz43 195
77%
Kutno45 523
72%
Radomsko47 560
71%
Aleksandrów Łódzki21 257
70%
Łowicz29 280
67%
Wieluń23 451
66%
Zduńska Wola43 430
66%
Rawa Mazowiecka17 793
63%
Łask17 955
62%
Opoczno22 100
62%
Łęczyca14 730
59%
Konstantynów Łódzki17 831
56%
Brzeziny12 579
52%
Koluszki13 401
52%
Uniejów3 079
52%
Pajęczno6 802
51%
Poddębice7 762
51%
Ozorków20 136
47%
Rzgów3 409
47%
Stryków.3 539
47%
Głowno14 751
45%
Wieruszów8 727
45%
Sulejów6 362
41%
Tuszyn7 329
41%
Warta3 325
38%
Biała Rawska3 223
34%
Kamieńsk2 871
34%
Szadek2 025
33%
Działoszyn6 144
32%
Krośniewice4 530
32%
Zelów7 801
31%
Błaszki2 253
30%
Przedbórz3 674
30%
Żychlin8 553
30%
Wolbórz2 375
29%
Złoczew3 390
27%
Drzewica3 997
25%

Rozkład punktacji

Percentyl według liczby udzielonych odpowiedzi

Procent ludzi z każdym wynikiem

Twoja historia wyników

Nie rozwiązałeś tego quizu